<?xml version="1.0" encoding="UTF-8"?>
<record
    xmlns:xsi="http://www.w3.org/2001/XMLSchema-instance"
    xsi:schemaLocation="http://www.loc.gov/MARC21/slim http://www.loc.gov/standards/marcxml/schema/MARC21slim.xsd"
    xmlns="http://www.loc.gov/MARC21/slim">

  <leader>00818nam a22001457a 4500</leader>
  <datafield tag="999" ind1=" " ind2=" ">
    <subfield code="c">522059</subfield>
    <subfield code="d">522059</subfield>
  </datafield>
  <controlfield tag="008">230309b           ||||| |||| 00| 0 eng d</controlfield>
  <datafield tag="100" ind1=" " ind2=" ">
    <subfield code="a">Sharam, B.K. </subfield>
    <subfield code="9">38322</subfield>
  </datafield>
  <datafield tag="245" ind1=" " ind2=" ">
    <subfield code="a">India&#x2019;s foreign policy in evolving geopolitical scenario </subfield>
  </datafield>
  <datafield tag="260" ind1=" " ind2=" ">
    <subfield code="a">U.S.I. Journal </subfield>
  </datafield>
  <datafield tag="300" ind1=" " ind2=" ">
    <subfield code="a">152(630), Oct-Dec, 2022: p.480-490</subfield>
  </datafield>
  <datafield tag="520" ind1=" " ind2=" ">
    <subfield code="a">At a juncture when a buoyant India is well on its transition from a balancing power to a leading power, unprecedented geopolitical developments are unravelling at a fast pace in our strategic neighborhood and beyond. The three strategic shocks viz, COVID pandemic, Talibanization of Afghanistan and Ukraine crisis have impacted globalization and the world order with ramifications for India,- Reproduced </subfield>
  </datafield>
  <datafield tag="773" ind1=" " ind2=" ">
    <subfield code="a">U.S.I. Journal </subfield>
  </datafield>
  <datafield tag="906" ind1=" " ind2=" ">
    <subfield code="a">INDIA - FOREIGN POLICY </subfield>
  </datafield>
  <datafield tag="942" ind1=" " ind2=" ">
    <subfield code="c">AR</subfield>
  </datafield>
  <datafield tag="952" ind1=" " ind2=" ">
    <subfield code="0">0</subfield>
    <subfield code="1">0</subfield>
    <subfield code="2">ddc</subfield>
    <subfield code="4">0</subfield>
    <subfield code="7">0</subfield>
    <subfield code="9">396744</subfield>
    <subfield code="a">IIPA</subfield>
    <subfield code="b">IIPA</subfield>
    <subfield code="d">2023-03-09</subfield>
    <subfield code="h">152(630), Oct-Dec, 2022: p.480-490</subfield>
    <subfield code="p">AR128322</subfield>
    <subfield code="r">2023-03-09</subfield>
    <subfield code="y">AR</subfield>
  </datafield>
</record>
